[Event "N1 Reykjavik Open 2014"]
[Site "Reykjavik, Iceland"]
[Date "2014.03.11"]
[Round "9.39"]
[White "Bekker-Jensen, David"]
[Black "Thorhallsson, Gylfi"]
[Result "1-0"]
[WhiteElo "2299"]
[BlackElo "2130"]
[EventDate "2014.03.04"]
[PlyCount "0"]

1. d4 Nf6 2. c4 e6 3. Nc3 Bb4 4. Nf3 b6 5. e3 Bb7 6. Bd3 O-O 7. O-O d5 8. 
a3 Bxc3 9. bxc3 dxc4 10. Bxc4 Nbd7 11. Qe2 c5 12. Bb2 Rc8 13. Bd3 Ne4 14. 
c4 Qc7 15. Rac1 Rfd8 16. Rfd1 Nf8 17. Qc2 Nf6 18. Ne5 Ng6 19. f3 cxd4 20. 
exd4 Nh5 21. Ng4 Nhf4 22. Bf1 Nh4 23. Ne5 Qe7 24. Qf2 Nf5 25. c5 f6 26. 
Nc4 Nd5 27. g4 Nh6 28. Nd6 Rc7 29. Nb5 f5 30. Nxc7 Qxc7 31. h3 Nf7 32. c6 
Bxc6 33. Bb5 Ng5 34. Kh1 Nxh3 35. Qh4 fxg4 36. Rxc6 Qb8 37. Rxe6 Rf8 38. 
Rf1 Qf4 39. Bc4 g5 40. Qe1 g3 41. Bxd5 1-0

[Event "N1 Reykjavik Open 2014"]
[Site "Reykjavik, Iceland"]
[Date "2014.03.11"]
[Round "9.40"]
[White "Kenney, Jason"]
[Black "Khademalsharieh, Sarasadat"]
[Result "1/2-1/2"]
[WhiteElo "2124"]
[BlackElo "2294"]
[EventDate "2014.03.04"]
[PlyCount "0"]

1. c4 Nf6 2. g3 e6 3. Bg2 Be7 4. Nf3 d5 5. O-O O-O 6. cxd5 exd5 7. d3 Re8 
8. Bg5 h6 9. Bxf6 Bxf6 10. Nc3 c6 11. Re1 Na6 12. a3 Nc5 13. Rc1 a5 14. d4
Ne4 15. e3 Nd6 16. Na4 Bf5 17. b3 Qe7 18. Nc5 Ne4 19. a4 Nxc5 20. Rxc5 Qd8
21. Re2 Qb6 22. Ne1 Qa6 23. Ra2 Be7 24. Rc1 Bd6 25. Bf1 Qb6 26. Nd3 g6 27.
 Bg2 h5 28. Nc5 Bg4 29. Qd3 Bf5 30. Qd1 Qc7 31. Re2 h4 32. e4 dxe4 33. 
Nxe4 Bxe4 34. Rxe4 Rxe4 35. Bxe4 hxg3 36. hxg3 Re8 37. Qd3 Qe7 1/2-1/2

[Event "N1 Reykjavik Open 2014"]
[Site "Reykjavik, Iceland"]
[Date "2014.03.11"]
[Round "9.41"]
[White "Grant, Jonathan I M"]
[Black "Zhang, Fan"]
[Result "1-0"]
[WhiteElo "2255"]
[BlackElo "2104"]
[EventDate "2014.03.04"]
[PlyCount "0"]

1. c4 Nf6 2. g3 g6 3. Bg2 Bg7 4. Nc3 c5 5. e4 d6 6. Nge2 Nc6 7. O-O O-O 8.
 d3 a6 9. h3 Rb8 10. a4 Ne8 11. Be3 Nc7 12. d4 cxd4 13. Nxd4 Ne6 14. Nde2 
Nc5 15. b3 Bd7 16. Rb1 Nb4 17. Nd5 Nxd5 18. exd5 b5 19. axb5 axb5 20. b4 
Na4 21. c5 Bf5 22. Rb3 dxc5 23. bxc5 Nb2 24. Qc1 Nc4 25. Bf4 Be5 26. Bh6 
Re8 27. Rd1 Qc7 28. g4 Bc8 29. Nd4 Bxd4 30. Rxd4 Qxc5 31. Rxc4 bxc4 32. 
Rxb8 Qa7 33. Rb4 f6 34. Rxc4 Bd7 35. Be3 Qa2 36. Rc7 Rb8 37. Ra7 1-0

[Event "N1 Reykjavik Open 2014"]
[Site "Reykjavik, Iceland"]
[Date "2014.03.11"]
[Round "9.42"]
[White "Zeier, Klaus"]
[Black "Petursson, Gudni"]
[Result "1/2-1/2"]
[WhiteElo "2253"]
[BlackElo "2104"]
[EventDate "2014.03.04"]
[PlyCount "96"]

1. e4 e6 2. d3 d5 3. Nd2 dxe4 4. dxe4 Nf6 5. Ngf3 g6 6. Bc4 Bg7 7. O-O O-O
8. Qe2 Nc6 9. c3 Qe7 10. Re1 e5 11. Nf1 Be6 12. Bg5 h6 13. Bxf6 Qxf6 14. 
Ne3 Rfe8 15. Bxe6 Qxe6 16. Nd5 Rec8 17. Qb5 Nd8 18. Qb3 c6 19. Ne3 Qxb3 
20. axb3 Ne6 21. Nc4 f6 22. b4 Rd8 23. Red1 Rxd1+ 24. Rxd1 Rd8 25. Rxd8+ 
Nxd8 26. Kf1 Bf8 27. Ne1 Kf7 28. Ke2 Ke6 29. Nd3 b6 30. Ne3 Nb7 31. g4 Nd6
32. f3 f5 33. gxf5+ gxf5 34. Nf2 f4 35. Ned1 b5 36. Nd3 Nb7 37. N1f2 h5 
38. b3 a6 39. Kd2 Be7 40. c4 Bf8 41. Kc3 Be7 42. Nh3 Kf6 43. Ne1 Ke6 44. 
Ng2 Bf6 45. Nf2 Be7 46. Nd3 Kd6 47. h3 Bf6 48. Kd2 Be7 1/2-1/2

[Event "N1 Reykjavik Open 2014"]
[Site "Reykjavik, Iceland"]
[Date "2014.03.11"]
[Round "9.43"]
[White "Wunnink, Michael"]
[Black "Schaefer, Reyk"]
[Result "1-0"]
[WhiteElo "2251"]
[BlackElo "2102"]
[EventDate "2014.03.04"]
[PlyCount "0"]

1. d4 Nf6 2. c4 g6 3. Nc3 d5 4. Nf3 Bg7 5. Qb3 dxc4 6. Qxc4 O-O 7. e4 a6 
8. e5 b5 9. Qb3 Nfd7 10. Ng5 Nb6 11. Be3 h6 12. Nge4 Be6 13. Qd1 Nd5 14. 
Nxd5 Bxd5 15. Bd3 Nd7 16. Qd2 Kh7 17. h4 f5 18. exf6 exf6 19. h5 f5 20. 
Nc3 f4 21. Bxf4 Rxf4 22. Qxf4 Qe8+ 23. Kd2 1-0

[Event "N1 Reykjavik Open 2014"]
[Site "Reykjavik, Iceland"]
[Date "2014.03.11"]
[Round "9.44"]
[White "Grove, Michael"]
[Black "Kernazhitsky, Leonid"]
[Result "0-1"]
[WhiteElo "2097"]
[BlackElo "2249"]
[EventDate "2014.03.04"]
[PlyCount "60"]

1. e4 c5 2. Nc3 e6 3. g3 d5 4. exd5 exd5 5. Bg2 Nf6 6. Nge2 d4 7. Ne4 Nxe4
8. Bxe4 Be7 9. c3 O-O 10. Nf4 Nd7 11. O-O Nf6 12. Bf3 Rb8 13. d3 b5 14. c4
bxc4 15. dxc4 Bb7 16. Re1 Bd6 17. Nd3 h6 18. Bd2 Qc8 19. b3 Bc6 20. Ne5 
Bxe5 21. Rxe5 Qb7 22. Bxc6 Qxc6 23. Qe2 Rbe8 24. Re1 Rxe5 25. Qxe5 Re8 26.
 Qf5 Rxe1+ 27. Bxe1 Ne4 28. Qe5 Ng5 29. Kf1 Qh1+ 30. Ke2 Qxe1+ 0-1

[Event "N1 Reykjavik Open 2014"]
[Site "Reykjavik, Iceland"]
[Date "2014.03.11"]
[Round "9.45"]
[White "Wengler, Joerg"]
[Black "Langer, Michael"]
[Result "0-1"]
[WhiteElo "2080"]
[BlackElo "2248"]
[EventDate "2014.03.04"]
[PlyCount "0"]

1. e4 c5 2. Nc3 Nc6 3. f4 g6 4. Nf3 Bg7 5. Bb5 Nd4 6. O-O Nxb5 7. Nxb5 d6 
8. d3 Nf6 9. Qe1 Bd7 10. Nc3 Bc6 11. e5 Nd5 12. Nxd5 Bxd5 13. c3 dxe5 14. 
fxe5 Qd7 15. Qe2 O-O 16. Bf4 Rad8 17. c4 Be6 18. Rad1 Qc6 19. b3 Bg4 20. 
h3 Bxf3 21. Rxf3 b6 22. Bg3 Qe6 23. Re3 Rd4 24. Be1 Rfd8 25. Bc3 Rf4 26. 
Rf1 Rxf1+ 27. Kxf1 Qf5+ 28. Qf3 Qg5 29. Qg3 Qxg3 30. Rxg3 f5 31. exf6 exf6
32. Ke2 f5 33. Bxg7 Kxg7 34. Re3 Kf6 35. Kd2 g5 36. Kc3 h5 37. b4 f4 38. 
Rf3 Kf5 39. bxc5 bxc5 40. Rf2 g4 41. hxg4+ hxg4 42. Rb2 g3 43. Rb7 Rd6 44.
 Rg7 Rg6 45. Rf7+ Rf6 46. Rg7 f3 47. Rxg3 f2 48. Rf3+ Ke5 0-1

[Event "N1 Reykjavik Open 2014"]
[Site "Reykjavik, Iceland"]
[Date "2014.03.11"]
[Round "9.46"]
[White "Hoffmann, Hendrik"]
[Black "Sverrisson, Nokkvi"]
[Result "1/2-1/2"]
[WhiteElo "2244"]
[BlackElo "2066"]
[EventDate "2014.03.04"]
[PlyCount "0"]

1. e4 c5 2. Nf3 d6 3. d4 cxd4 4. Nxd4 Nf6 5. Nc3 g6 6. Be3 Bg7 7. f3 O-O 
8. Bc4 Nc6 9. Qd2 Bd7 10. O-O-O Rc8 11. Bb3 Ne5 12. Kb1 Re8 13. h4 h5 14. 
Bh6 Nc4 15. Bxc4 Rxc4 16. Bxg7 Kxg7 17. g4 hxg4 18. h5 Rh8 19. hxg6 fxg6 
20. f4 e5 21. Nde2 Nxe4 22. Nxe4 Rxh1 23. Rxh1 Rxe4 24. fxe5 Rxe5 25. Qh6+
Kf6 26. Nf4 Qe8 27. Qh4+ Kg7 28. Qh6+ Kf6 29. Nd3 Rf5 30. Re1 Qf7 31. Qh8+
Kg5 32. Qd8+ Rf6 33. Re7 Rf1+ 34. Ne1 Kh6 35. b3 Qf2 36. Qh8+ Kg5 37. Qd8 
Kh6 38. Qh8+ Kg5 39. Qd8 1/2-1/2

[Event "N1 Reykjavik Open 2014"]
[Site "Reykjavik, Iceland"]
[Date "2014.03.11"]
[Round "9.47"]
[White "Liang, Awonder"]
[Black "Karlsson, Mikael Johann"]
[Result "0-1"]
[WhiteElo "2237"]
[BlackElo "2051"]
[EventDate "2014.03.04"]
[PlyCount "154"]

1. d4 d5 2. Nf3 Nf6 3. g3 c6 4. Bg2 Bf5 5. O-O e6 6. b3 Nbd7 7. Bb2 Be7 8.
 Nbd2 h6 9. c4 O-O 10. a3 a5 11. Ne5 Nxe5 12. dxe5 Ne4 13. Nxe4 Bxe4 14. 
Bxe4 dxe4 15. Qc2 Qb6 16. Qc3 Rfd8 17. Rad1 Bc5 18. e3 Kf8 19. Qc2 Kg8 20.
 Rfe1 Rac8 21. Kf1 Rxd1 22. Rxd1 Rd8 23. Ke2 Rxd1 24. Kxd1 Qd8+ 25. Ke2 
Qb6 26. a4 Kf8 27. Kd1 Qd8+ 28. Kc1 Bb4 29. Bc3 Qb6 30. Bb2 Qd8 31. Bd4 
Qd7 32. Kb2 c5 33. Bc3 Bxc3+ 34. Kxc3 Qc6 35. Kd2 h5 36. Ke1 Ke7 37. Kf1 
g6 38. Kg2 b6 39. h4 Qb7 40. Kh2 Qc6 41. Kh3 Qd7 42. Kg2 Qc6 43. Kg1 Qb7 
44. Kh2 Qc6 45. Qb1 Qb7 46. Qh1 Qc6 47. Qg2 Qb7 48. Qh1 Qc6 49. Qb1 Qb7 
50. Kg1 Qc6 51. Kf1 Qb7 52. Ke2 Qc6 53. Qc2 Qb7 54. Kd2 Qc6 55. Kc3 Qa8 
56. Qb1 Qc6 57. Qh1 Qa8 58. Kc2 Qc6 59. Qg2 Qb7 60. g4 hxg4 61. Qxg4 Qc6 
62. Qg2 Qb7 63. Qh1 Qc6 64. Kc3 Qb7 65. Qb1 Qc6 66. Qc2 Kf8 67. Kd2 Kg7 
68. Ke2 Qb7 69. Kf1 Qd7 70. Ke2 Qd3+ 71. Qxd3 exd3+ 72. Kxd3 Kh6 73. Ke4 
Kh5 74. Kf3 Kxh4 75. Kf4 g5+ 76. Kf3 Kh3 77. Ke2 Kg4 0-1

[Event "N1 Reykjavik Open 2014"]
[Site "Reykjavik, Iceland"]
[Date "2014.03.11"]
[Round "9.48"]
[White "Runarsson, Gunnar"]
[Black "Edvardsson, Kristjan"]
[Result "1/2-1/2"]
[WhiteElo "2048"]
[BlackElo "2233"]
[EventDate "2014.03.04"]
[PlyCount "103"]

1. c4 f5 2. d4 Nf6 3. Nc3 d6 4. Nf3 g6 5. g3 Bg7 6. Bg2 O-O 7. O-O Nc6 8. 
d5 Ne5 9. Nxe5 dxe5 10. e4 f4 11. gxf4 exf4 12. f3 Nd7 13. Ne2 g5 14. Rb1 
Ne5 15. b3 c5 16. Bb2 g4 17. Nc1 gxf3 18. Bxf3 Bh3 19. Rf2 Rf6 20. Nd3 
Rg6+ 21. Kh1 Nxd3 22. Qxd3 e5 23. Bh5 Qh4 24. Bxg6 hxg6 25. Rf3 Bg4 26. 
Rg1 Rd8 27. h3 Bh5 28. Bc3 Qf6 29. Qf1 g5 30. Qg2 Kf7 31. Rd3 Bh6 32. Qb2 
Bg7 33. d6 Bg6 34. Qe2 Bh6 35. Rf1 Qe6 36. Kg1 Rxd6 37. Rxd6 Qxd6 38. Rd1 
Qe6 39. Qd3 Bf8 40. Qd8 Be7 41. Qd5 Kf6 42. Qxb7 Qxh3 43. Bxe5+ Kf7 44. 
Rd7 Qe3+ 45. Kf1 Bxe4 46. Rxe7+ Kg6 47. Rg7+ Kh6 48. Qa6+ Kh5 49. Rxg5+ 
Kxg5 50. Qf6+ Kg4 51. Qg7+ Kh5 52. Qh8+ 1/2-1/2

[Event "N1 Reykjavik Open 2014"]
[Site "Reykjavik, Iceland"]
[Date "2014.03.11"]
[Round "9.49"]
[White "Barthel, Ansgar"]
[Black "Frick, Renato"]
[Result "1-0"]
[WhiteElo "2229"]
[BlackElo "2038"]
[EventDate "2014.03.04"]
[PlyCount "43"]

1. e4 c5 2. b3 b6 3. Bb2 Bb7 4. Nc3 e6 5. Qf3 Nf6 6. O-O-O Be7 7. Re1 O-O 
8. Qg3 d5 9. e5 Ne8 10. h4 Nc6 11. f4 Nd4 12. Nf3 Nf5 13. Qh3 h5 14. g4 
hxg4 15. Qxg4 Nh6 16. Qh3 f5 17. exf6 Rxf6 18. Ng5 Bc8 19. Qd3 Nf5 20. Bh3
Ned6 21. Nxd5 exd5 22. Qxd5+ 1-0

[Event "N1 Reykjavik Open 2014"]
[Site "Reykjavik, Iceland"]
[Date "2014.03.11"]
[Round "9.50"]
[White "Dolzhikova, Olga"]
[Black "Iclicki, Willy"]
[Result "1-0"]
[WhiteElo "2212"]
[BlackElo "1993"]
[EventDate "2014.03.04"]
[PlyCount "27"]

1. e4 c6 2. d4 d5 3. e5 c5 4. dxc5 Nc6 5. Nf3 Bg4 6. Be2 e6 7. c4 dxc4 8. 
Qa4 Bxc5 9. Nc3 Qb6 10. O-O Ne7 11. Ne4 Rc8 12. Nd6+ Bxd6 13. exd6 Nd5 14.
 d7+ 1-0

[Event "N1 Reykjavik Open 2014"]
[Site "Reykjavik, Iceland"]
[Date "2014.03.11"]
[Round "9.51"]
[White "Haldorsen, Benjamin"]
[Black "Teitsson, Magnus"]
[Result "1-0"]
[WhiteElo "1994"]
[BlackElo "2207"]
[EventDate "2014.03.04"]
[PlyCount "0"]

1. e4 e6 2. d4 d5 3. Nc3 Nf6 4. Bg5 Be7 5. e5 Nfd7 6. h4 c5 7. Bxe7 Kxe7 
8. Qg4 Nc6 9. Nf3 cxd4 10. Nxd4 Qb6 11. Nxe6 Nb4 12. O-O-O a5 13. Qxg7 
Qxf2 14. Nd4 Qe3+ 15. Kb1 Qxe5 16. Qh6 Nf6 17. Bb5 Rg8 18. Rhe1 Ne4 19. 
Nf3 Qe6 20. Qxh7 Rxg2 21. Nxd5+ Nxd5 22. Rxe4 1-0

[Event "N1 Reykjavik Open 2014"]
[Site "Reykjavik, Iceland"]
[Date "2014.03.11"]
[Round "9.52"]
[White "Djurhuus, Eivind X"]
[Black "Kazmaier, Daniel"]
[Result "0-1"]
[WhiteElo "1953"]
[BlackElo "2187"]
[EventDate "2014.03.04"]
[PlyCount "0"]

1. Nf3 d6 2. e4 Nf6 3. Nc3 g6 4. d4 Bg7 5. Be2 O-O 6. O-O c6 7. a4 Qc7 8. 
h3 e5 9. Be3 Re8 10. Nd2 Ng4 11. hxg4 exd4 12. Nc4 dxe3 13. Qxd6 Be5 14. 
Qc5 exf2+ 15. Qxf2 Be6 16. Nxe5 Qxe5 17. Rad1 Kg7 18. Rd3 f6 19. Rh3 Nd7 
20. Qh4 h5 21. Rh2 g5 22. Qf2 hxg4 23. Qe3 Rad8 24. Qxa7 b6 25. Rd1 g3 26.
 Rh5 Kg6 27. Qa6 Rh8 0-1

[Event "N1 Reykjavik Open 2014"]
[Site "Reykjavik, Iceland"]
[Date "2014.03.11"]
[Round "9.53"]
[White "Derraugh, Geordie"]
[Black "Farine, Jonathan"]
[Result "1/2-1/2"]
[WhiteElo "2173"]
[BlackElo "1953"]
[EventDate "2014.03.04"]
[PlyCount "0"]

1. e4 e5 2. Nf3 Nc6 3. Bc4 Nf6 4. d3 Be7 5. Ke2 O-O 6. c3 h6 7. b4 a6 8. 
Qb3 d6 9. a4 Qe8 10. h3 Bd8 11. Re1 Be6 12. Bd5 Qd7 13. Bxe6 1/2-1/2

[Event "N1 Reykjavik Open 2014"]
[Site "Reykjavik, Iceland"]
[Date "2014.03.11"]
[Round "9.54"]
[White "Kristinsson, Jon"]
[Black "Jonsson, Pall G"]
[Result "1-0"]
[WhiteElo "2290"]
[BlackElo "1802"]
[EventDate "2014.03.04"]
[PlyCount "91"]

1. d4 g6 2. c4 Bg7 3. Nc3 e6 4. e4 Ne7 5. Bg5 f6 6. Bh4 d5 7. f3 O-O 8. 
Qd2 c5 9. dxc5 dxe4 10. Qxd8 Rxd8 11. Nxe4 Na6 12. Bxf6 Bxf6 13. Nxf6+ Kg7
14. Ne4 Nb4 15. Rd1 Rxd1+ 16. Kxd1 Nxa2 17. Kc2 Nb4+ 18. Kc3 a5 19. Bd3 
Bd7 20. Ne2 Bc6 21. Nd4 e5 22. Nb5 Nf5 23. Re1 Nh4 24. Re2 Na2+ 25. Kd2 a4
26. Ned6 Nb4 27. Be4 Na6 28. Nxb7 Bxb7 29. Bxb7 Rd8+ 30. Kc3 Nxc5 31. Bd5 
Kf6 32. g3 Nf5 33. Kb4 Rc8 34. Na7 Rc7 35. Nc6 Nd3+ 36. Kxa4 Rb7 37. b4 
Nd4 38. Nxd4 Ra7+ 39. Kb5 exd4 40. Rd2 Ra3 41. c5 Rc3 42. Be4 Ne5 43. Rxd4
Nxf3 44. Bxf3 Rxf3 45. c6 Ke6 46. c7 1-0

[Event "N1 Reykjavik Open 2014"]
[Site "Reykjavik, Iceland"]
[Date "2014.03.11"]
[Round "9.56"]
[White "Knutsson, Larus"]
[Black "Ponomarenko, Alexandr"]
[Result "0-1"]
[WhiteElo "2044"]
[BlackElo "2274"]
[EventDate "2014.03.04"]
[PlyCount "0"]

1. c4 Nf6 2. g3 e6 3. Bg2 d5 4. Nf3 Be7 5. O-O O-O 6. b3 c5 7. Bb2 d4 8. 
e3 Nc6 9. exd4 cxd4 10. Re1 Bc5 11. Ne5 Nxe5 12. Rxe5 Bd6 13. Re1 e5 14. 
Ba3 Bxa3 15. Nxa3 Qc7 16. d3 Bd7 17. Nc2 Bc6 18. Nb4 Bxg2 19. Kxg2 Rad8 
20. Qf3 Rfe8 21. g4 a5 22. g5 axb4 23. gxf6 g6 24. Re2 Re6 25. Rae1 h5 26.
 Kg1 Kh7 27. Kg2 Rde8 28. Qd5 Qc6 29. Re4 g5 30. f3 h4 31. Qa5 Rxf6 32. 
Qxb4 Rf4 33. Qd2 Rg8 34. Qf2 Rxe4 35. fxe4 f6 36. Rf1 Kg7 37. Qf5 Rf8 38. 
Rf2 b5 39. Rc2 Rf7 40. Kf3 bxc4 41. Rxc4 Qa6 42. a4 Qa5 43. Ke2 Qb6 44. b4
Qa6 45. b5 Qd6 46. Qf1 Qe6 47. Qf5 Qe7 48. Qf1 f5 49. b6 f4 50. h3 Qf6 51.
 a5 f3+ 52. Kd1 Qd6 53. Qf2 Qa3 54. Qd2 Rf4 55. Ke1 f2+ 56. Kf1 g4 57. 
Rc7+ Kg6 58. Rc6+ Kg5 59. hxg4 h3 60. b7 h2 61. Qxf4+ Kxf4 62. Rf6+ Kg3 
0-1

[Event "N1 Reykjavik Open 2014"]
[Site "Reykjavik, Iceland"]
[Date "2014.03.11"]
[Round "9.57"]
[White "Gueler, Sebastian"]
[Black "Andersen, Per O"]
[Result "1-0"]
[WhiteElo "2208"]
[BlackElo "2042"]
[EventDate "2014.03.04"]
[PlyCount "97"]

1. d4 Nf6 2. c4 c5 3. d5 b5 4. cxb5 a6 5. f3 e6 6. e4 axb5 7. dxe6 fxe6 8.
 Bxb5 Ba6 9. Bxa6 Nxa6 10. Nc3 Nb4 11. Nh3 c4 12. O-O Bc5+ 13. Kh1 O-O 14.
 Nf4 e5 15. Nfd5 Nfxd5 16. Nxd5 Nd3 17. Qc2 Kh8 18. Be3 Bxe3 19. Nxe3 Rc8 
20. Nxc4 Nxb2 21. Qxb2 Rxc4 22. Qxe5 Qc8 23. a4 Rc5 24. Qd4 Rc4 25. Qd1 
Rf6 26. Rc1 Rxc1 27. Qxc1 Rc6 28. Qf4 Rf6 29. Rc1 Qf8 30. Qe3 h6 31. Ra1 
Ra6 32. h3 Kh7 33. e5 Ra5 34. f4 h5 35. Qe4+ g6 36. Rd1 Ra7 37. Rd6 Qf5 
38. Qxf5 gxf5 39. a5 Rxa5 40. Rxd7+ Kg8 41. Rd6 Ra1+ 42. Kh2 Rf1 43. Kg3 
h4+ 44. Kxh4 Rxf4+ 45. Kg5 Rf2 46. Kf6 Rxg2 47. e6 Kh7 48. e7 Rg6+ 49. Ke5
1-0

[Event "N1 Reykjavik Open 2014"]
[Site "Reykjavik, Iceland"]
[Date "2014.03.11"]
[Round "9.58"]
[White "Thorsteinsson, Arnar"]
[Black "Hardarson, Jon Trausti"]
[Result "1-0"]
[WhiteElo "2205"]
[BlackElo "2033"]
[EventDate "2014.03.04"]
[PlyCount "0"]

1. e4 e6 2. d4 d5 3. e5 c5 4. c3 Nc6 5. Nf3 Bd7 6. Bd3 cxd4 7. cxd4 Qb6 8.
 O-O Nb4 9. Be2 Bb5 10. Nc3 Bxe2 11. Qxe2 Nh6 12. Bxh6 gxh6 13. Qb5+ Qxb5 
14. Nxb5 Kd7 15. a3 Nc6 16. Rac1 Be7 17. Rc2 Rhg8 18. Nc3 Rg4 19. Rd1 f6 
20. h3 Rgg8 21. Ne2 fxe5 22. Nxe5+ Nxe5 23. dxe5 Rac8 24. Rdc1 Rxc2 25. 
Rxc2 Bd8 26. g3 Bb6 27. Kg2 Rc8 28. Rxc8 Kxc8 29. f4 d4 30. Nc1 1-0

[Event "N1 Reykjavik Open 2014"]
[Site "Reykjavik, Iceland"]
[Date "2014.03.11"]
[Round "9.59"]
[White "Rydstrom, Tom"]
[Black "Omtvedt, Per"]
[Result "1-0"]
[WhiteElo "2198"]
[BlackElo "2008"]
[EventDate "2014.03.04"]
[PlyCount "67"]

1. e4 c5 2. Nf3 e6 3. d4 cxd4 4. Nxd4 Nc6 5. Nb5 d6 6. N1c3 a6 7. Nd4 Nf6 
8. Be3 Be7 9. Be2 Qc7 10. a4 Bd7 11. Qd2 Rc8 12. g4 h6 13. Rg1 Ne5 14. h4 
Nc4 15. Bxc4 Qxc4 16. g5 hxg5 17. hxg5 Nh5 18. g6 fxg6 19. Rxg6 Kf7 20. 
Rg1 Nf6 21. f3 e5 22. Nb3 Qb4 23. Qg2 Rcg8 24. a5 d5 25. Bd2 Qc4 26. exd5 
Nxd5 27. O-O-O Bf5 28. Ne4 g6 29. Bg5 Rc8 30. Bxe7 Kxe7 31. Rxd5 Qxd5 32. 
Qg5+ Kf7 33. Qf6+ Kg8 34. Qxf5 1-0

[Event "N1 Reykjavik Open 2014"]
[Site "Reykjavik, Iceland"]
[Date "2014.03.11"]
[Round "9.60"]
[White "Sahl, Sheila Barth"]
[Black "Baldvinsson, Loftur"]
[Result "1-0"]
[WhiteElo "2196"]
[BlackElo "2007"]
[EventDate "2014.03.04"]
[PlyCount "0"]

1. e4 e6 2. d4 d5 3. Nd2 c5 4. Ngf3 Nf6 5. exd5 exd5 6. Bb5+ Bd7 7. Bxd7+ 
Nbxd7 8. O-O Be7 9. dxc5 Nxc5 10. Nb3 Nce4 11. Be3 O-O 12. h3 Rc8 13. c3 
Bd6 14. Qd3 Bb8 15. Rad1 Qd6 16. Nbd4 a6 17. Ne2 Nc5 18. Qd4 Ne6 19. Qd2 
Rfe8 20. Ned4 Ne4 21. Qc1 Nxd4 22. Rxd4 Qe6 23. Rfd1 Ng3 24. fxg3 Qxe3+ 
25. Qxe3 Rxe3 26. Kh2 h6 27. Rxd5 Bc7 28. h4 b5 29. R1d3 Re2 30. Rd2 Re3 
31. h5 Kh7 32. Rd7 Kg8 33. Kh3 Kf8 34. R7d3 Re4 35. Rd4 Re3 36. Rd5 Re7 
37. Rc5 Ra8 38. a3 Ra7 39. Nd4 Bb6 40. Rc8+ Re8 41. Rxe8+ Kxe8 42. Nf5 Kf8
43. Rd6 Rb7 44. Rc6 Rb8 45. b4 a5 46. Nd6 axb4 47. axb4 Be3 48. Rc7 f6 49.
 Nf5 Bd2 50. Nxg7 Rb6 51. Nf5 Re6 52. Kg4 Re4+ 53. Kf3 Rc4 54. Rxc4 bxc4 
55. b5 Bxc3 56. Ne3 Ke8 57. Nxc4 Kd7 58. Ke4 Kc7 59. g4 Be1 60. Kf5 Bh4 
61. Ke6 Kb7 62. Kd6 Bf2 63. Kd5 Kc7 64. Ke6 Bh4 65. Kf5 Kd7 66. Ne3 Kd6 
67. Kg6 Bg5 68. Nf5+ Kc5 69. Nxh6 Kxb5 1-0

[Event "N1 Reykjavik Open 2014"]
[Site "Reykjavik, Iceland"]
[Date "2014.03.11"]
[Round "9.61"]
[White "Johannsson, Orn Leo"]
[Black "Schou-Moldt, Thomas"]
[Result "0-1"]
[WhiteElo "1999"]
[BlackElo "2191"]
[EventDate "2014.03.04"]
[PlyCount "94"]

1. e4 g6 2. f4 d5 3. e5 h5 4. Nf3 Bg4 5. Be2 Nh6 6. c3 e6 7. Na3 Nf5 8. 
O-O Bxf3 9. Bxf3 Bc5+ 10. d4 Bb6 11. b4 a5 12. Nc2 Nc6 13. Bb2 axb4 14. 
cxb4 Ra4 15. a3 Ra8 16. Be2 Nb8 17. Rc1 c6 18. Qd2 Nd7 19. Na1 Qb8 20. Nb3
Qa7 21. g3 Rc8 22. Kg2 Bd8 23. h3 h4 24. g4 Ng3 25. Rf3 Be7 26. Bd3 b6 27.
 f5 gxf5 28. gxf5 Rg8 29. Kh2 Bg5 30. Qf2 Bxc1 31. fxe6 fxe6 32. Bxc1 Nf8 
33. Bg5 Ne4 34. Bxe4 dxe4 35. Rf6 Qg7 36. Bxh4 e3 37. Qg3 Qxg3+ 38. Bxg3 
Ra8 39. Rf3 e2 40. Re3 Rxa3 41. Be1 Nd7 42. Rc3 Rf8 43. Nc1 Rxc3 44. Bxc3 
Rf3 45. Be1 Ra3 46. Bd2 Ra1 47. Nd3 Rd1 0-1

[Event "N1 Reykjavik Open 2014"]
[Site "Reykjavik, Iceland"]
[Date "2014.03.11"]
[Round "9.62"]
[White "Hellwig, Tobias"]
[Black "Thorsteinsdottir, Hallgerdur"]
[Result "1/2-1/2"]
[WhiteElo "2180"]
[BlackElo "1967"]
[EventDate "2014.03.04"]
[PlyCount "0"]

1. d4 Nf6 2. g3 g6 3. Bg2 d5 4. Nf3 Bg7 5. O-O O-O 6. Nbd2 c5 7. dxc5 Nc6 
8. Rb1 a5 9. a3 e5 10. b4 axb4 11. axb4 e4 12. Ne1 h5 13. Bb2 h4 14. c4 
hxg3 15. hxg3 e3 16. fxe3 Ng4 17. Bxg7 Kxg7 18. Nc2 Qg5 19. Nf3 Qh5 20. 
cxd5 Nce5 21. Qd4 Rh8 22. Rfc1 f6 23. Kf1 Nxf3 24. exf3 Ne5 25. Kf2 Ra2 
26. Qc3 Bf5 27. e4 Bxe4 28. fxe4 Ng4+ 29. Ke1 Qh2 30. Qf3 Ne5 31. Qe2 
Qxg3+ 32. Kd2 Rh2 33. Rg1 Nc4+ 34. Qxc4 Rxg2+ 35. Rxg2 Qxg2+ 36. Kd3 Qf3+ 
37. Kd2 Qf2+ 38. Kd3 Qf3+ 1/2-1/2

[Event "N1 Reykjavik Open 2014"]
[Site "Reykjavik, Iceland"]
[Date "2014.03.11"]
[Round "9.63"]
[White "Thorgeirsson, Jon Kristinn"]
[Black "Beltz, Franziska"]
[Result "1/2-1/2"]
[WhiteElo "1883"]
[BlackElo "2155"]
[EventDate "2014.03.04"]
[PlyCount "0"]

1. e4 c5 2. Nf3 d6 3. d4 cxd4 4. Nxd4 Nf6 5. Nc3 a6 6. Be2 e6 7. Be3 Nbd7 
8. f4 b5 9. a3 Bb7 10. Bf3 Qc7 11. Qe2 Rc8 12. O-O Be7 13. g4 Nc5 14. Bf2 
O-O 15. g5 Nfd7 16. Kh1 Rfe8 17. Bg3 g6 18. h4 e5 19. Nb3 exf4 20. Bxf4 
Bf8 21. Nxc5 Qxc5 22. Bg2 Bg7 23. Rf3 d5 24. Rd1 dxe4 25. Re3 Nb6 26. Re1 
Qc4 27. Qg4 Nd5 28. Rxe4 Rxe4 29. Rxe4 Qc5 30. Bd6 Qxd6 31. Nxd5 Rd8 32. 
Ne7+ Kh8 33. Re1 Bxg2+ 34. Qxg2 Qf4 35. Qe4 Qf2 36. Nd5 Bxb2 37. Rg1 Rc8 
38. c3 Bxa3 39. Qe5+ Kg8 40. Nf6+ Kf8 41. Nxh7+ Kg8 42. Nf6+ 1/2-1/2

[Event "N1 Reykjavik Open 2014"]
[Site "Reykjavik, Iceland"]
[Date "2014.03.11"]
[Round "9.64"]
[White "Marentini, Marcel"]
[Black "Andersen, Niels Erik"]
[Result "1/2-1/2"]
[WhiteElo "2155"]
[BlackElo "1940"]
[EventDate "2014.03.04"]
[PlyCount "109"]

1. Nf3 Nf6 2. c4 e6 3. g3 b6 4. Bg2 Bb7 5. O-O Be7 6. b3 O-O 7. Bb2 c5 8. 
d4 d5 9. cxd5 Nxd5 10. Nbd2 Nf6 11. dxc5 Bxc5 12. Nc4 Nbd7 13. Qd2 b5 14. 
Nd6 Bd5 15. Nxb5 Ne4 16. Qf4 Rc8 17. h4 Qb6 18. Nbd4 Bd6 19. Qg4 Ndf6 20. 
Qh3 Nxg3 21. fxg3 Rc2 22. Rab1 Bxf3 23. Bxf3 Rxb2 24. e3 Rxb1 25. Rxb1 Bc5
26. Qg2 Rd8 27. Kh1 Nd5 28. Nc2 Bxe3 29. Rd1 Bc5 30. Bxd5 exd5 31. Rxd5 
Rxd5 32. Qxd5 h6 33. Qe4 Qd6 34. Kg2 Qf6 35. Qe2 Bb6 36. Ne1 Qg6 37. Nd3 
Bc7 38. Qf3 Qd6 39. Nf2 Bb6 40. Ne4 Qd4 41. Qe2 Qg1+ 42. Kf3 Qd4 43. Kg2 
Qg1+ 44. Kf3 Qd4 45. Nf2 Qd5+ 46. Qe4 Qd2 47. Qe2 Qd5+ 48. Qe4 Qd2 49. Nd3
Qxa2 50. Qe8+ Kh7 51. Qxf7 Qc2 52. Qf5+ Kh8 53. Qf8+ Kh7 54. Qf5+ Kh8 55. 
Qf8+ 1/2-1/2

[Event "N1 Reykjavik Open 2014"]
[Site "Reykjavik, Iceland"]
[Date "2014.03.11"]
[Round "9.65"]
[White "Sigurdarson, Emil"]
[Black "Chernukhin, Alexander"]
[Result "1/2-1/2"]
[WhiteElo "1867"]
[BlackElo "2135"]
[EventDate "2014.03.04"]
[PlyCount "0"]

1. e4 d5 2. exd5 Qxd5 3. Nc3 Qd6 4. d4 Nf6 5. Nf3 c6 6. g3 Bg4 7. Bg2 e6 
8. O-O Be7 9. Bf4 Qd8 10. Qd2 Bxf3 11. Bxf3 O-O 12. Ne4 Nxe4 13. Bxe4 Nd7 
14. c3 Nf6 15. Bc2 Bd6 1/2-1/2

[Event "N1 Reykjavik Open 2014"]
[Site "Reykjavik, Iceland"]
[Date "2014.03.11"]
[Round "9.66"]
[White "Bjornsson, Sverrir Orn"]
[Black "Longo, Tyler"]
[Result "1-0"]
[WhiteElo "2126"]
[BlackElo "1961"]
[EventDate "2014.03.04"]
[PlyCount "93"]

1. d4 d5 2. c4 dxc4 3. e4 e5 4. Nf3 exd4 5. Nxd4 c5 6. Nc2 Qxd1+ 7. Kxd1 
Be6 8. Nba3 Nc6 9. Bxc4 O-O-O+ 10. Ke1 Bxc4 11. Nxc4 Re8 12. f3 f5 13. Kf2
fxe4 14. Bf4 Nf6 15. Rad1 exf3 16. gxf3 Rd8 17. Rxd8+ Nxd8 18. N2e3 Ne6 
19. Be5 b5 20. Na5 Nd7 21. Bg3 Nd4 22. Nd5 Nb6 23. Nc3 Be7 24. Be5 Bh4+ 
25. Kg2 a6 26. Ne4 Nd5 27. Rc1 Ne3+ 28. Kh1 Nxf3 29. Rxc5+ Kd7 30. Bf4 Ng4
31. Rc3 Ne1 32. Nb3 Rf8 33. Nbc5+ Ke8 34. Ne6 Rg8 35. Rc8+ Ke7 36. Rxg8 
Kxe6 37. Bg3 Bxg3 38. hxg3 Kf7 39. Ra8 Nd3 40. Ra7+ Kg6 41. Rxa6+ Kf5 42. 
Nd2 Nxb2 43. Rb6 Nf2+ 44. Kg2 Nfd3 45. Rxb5+ Kg4 46. Nf3 h6 47. Nh2# 1-0